00406 2200145 4500245008400000020001800084250001000102100001700112650003900129005001900168260004100187041001400228084000900242336000900251 aSeri Manajemen Sumber daya Manusia; Pengelola Waktu Jilid 4cA.Dale TimpehText a0-8160-1461-2 aCet 5 aA.Dale Timpe aSeri Manajemen Sumber Daya Manusia a20240820103257 aJakartabElex Media Komputindoc2002 aIndonesia aNONE atext